| 000 | 00653cam a22002171 4500 | ||
|---|---|---|---|
| 001 | sa 63004599 | ||
| 003 | DLC | ||
| 005 | 20260227111950.0 | ||
| 008 | 940715s1962 ii 000 0 pano | ||
| 010 | _asa 63004599 | ||
| 025 | _aPL480:I-Pu-214 | ||
| 035 | _a(OCoLC)30773623 | ||
| 040 |
_aDLC _cCU _dCU _dNSyU _dDLC |
||
| 042 | _apremarc | ||
| 050 | 0 | 0 |
_aPK2659.S5928 _bM4 |
| 100 | 1 |
_aSingh, Trilok, _d1908- |
|
| 245 | 1 | 0 |
_aMerā wiāha; _bhasāuṇā te suādaha samajaka nāwala, _clekhaka Taraloka Siṅgha 'Tufāna.' |
| 260 |
_aAmmritasara, _bBhāī Mehara Siṅgha Surindara Siṅgha _c[1962] |
||
| 300 |
_a79 p. _c19 cm. |
||
| 500 | _aIn Panjabi. | ||
| 999 |
_c55747 _d55747 |
||